| 000 | 01128nam a2200313Ia 4500 | ||
|---|---|---|---|
| 005 | 20220317001446.0 | ||
| 008 | 161108s2007 sp a g 000 f s | ||
| 020 | _a9788498381283 | ||
| 100 | 1 |
_aClarke, Susana _d1959- |
|
| 245 | 1 | 4 |
_aLas damas de Grace Adieu _cSusanna Clarke ; Ilustraciones de Charles Vess ; Traducción del inglés de Ana María de la Fuente |
| 250 | _a1a. edición | ||
| 300 |
_a253 páginas _bilustraciones en blanco y negro _c22 cm |
||
| 490 | _aNarrativa | ||
| 500 | _aIncluye datos biográficos de la autora en la solapa | ||
| 534 | _bThe ladies of grace Adieu | ||
| 650 | 1 | 4 |
_2LEMB _aNovela inglesa _ySiglo XX |
| 650 | 1 | 4 |
_2LEMB _aLiteratura inglesa _ySiglo XX |
| 650 | 1 | 4 |
_2LEMB _aMagia en la literatura |
| 650 | 1 | 4 |
_2LEMB _aDuendes en la literatura |
| 700 | 1 |
_aVess, Charles _d1951- _973497 |
|
| 700 | 1 |
_aDe la Fuente, Ana María _973498 |
|
| 942 |
_2loc _cBKLIT |
||
| 264 |
_aBarcelona _bSalamandra _c2007 |
||
| 336 |
_atexto _btxt _2rdacontent |
||
| 337 |
_asin mediación _bn _2rdamedia |
||
| 338 |
_avolumen _bnc _2rdacarrier |
||
| 040 |
_aCO-BoRNBP _bspa _erda _cCO-BoRNBP |
||
| 084 | _aN CLA14 | ||
| 999 |
_c7044 _d7044 |
||